000
00338pab a2200145 454500
008
180718b2017 xxu||||| |||| 00| 0 eng d
100
_a
Priya, N.S. Vishnu
245
_a
Feminism- a review
260
_c
2017
300
_a
p.483-490.
650
_a
Women
700
_a
Maheswari, C.N. Baby
773
_a
Man in India
909
_a
115817
999
_c
115811
_d
115811